[Event "Boyaca Region-ch qual"]
[Site "Duitama"]
[Date "2010.05.15"]
[Round "2.18"]
[White "Herrera Tavera, Maestre Zeta"]
[Black "Torres, Fernando1111"]
[Result "0-1"]
[WhiteElo "1504"]
[BlackElo "1608"]
[PlyCount "56"]
[EventDate "2010.05.15"]
[EventType "swiss"]
[EventRounds "6"]
[EventCountry "COL"]
[SourceTitle "EXT 2024"]
[Source "ChessBase"]
[SourceDate "2023.10.10"]
[SourceVersion "1"]
[SourceVersionDate "2023.10.10"]
[SourceQuality "1"]

1. e4 e5 2. Nf3 Nc6 3. Bb5 a6 4. Ba4 Nf6 5. 0-0 Be7 6. Re1 b5 7. Bb3 0-0 8. c3 d5 9. d4 Nxe4 10. Nxe5 Nxe5 11. dxe5 Be6 12. Nd2 Nxd2 13. Qxd2 c6 14. f4 Bc5+ 15. Kh1 Bf5 16. Bc2 Bxc2 17. Qxc2 Qh4 18. Bd2 Rae8 19. Rad1 f6 20. b4 Bf2 21. Rf1 Bg3 22. h3 fxe5 23. fxe5 Bxe5 24. Rxf8+ Rxf8 25. Qd3 Qf2 26. Re1 Qg3 27. Qxg3 Bxg3 28. Kg1 Bxe1 0-1